000 00915nam a2200265 a 4500
001 000018353
005 20200929165453.0
008 100429s1943 sp 000 f spa d
040 _aDO-SdBNP
_bspa
_cBNPHU
082 _a863.3
_bL925h
100 1 _aLozano,
_d1609-1667
_939748
245 1 0 _aHistorias y leyendas /
_cLozano; edición y prólogo de Joaquín de Entrambasaguas.
260 _aMadrid :
_bEspasa-Calpe,
_c1943.
300 _av. ;
_c18 cm.
490 1 _aClásicos castellanos
_v120, 121
500 _aIncluye referencias bibliográficas y notas al pie de las páginas.
500 _aLa biblioteca posee los volúmenes 1 y 2.
650 4 _aCuentos españoles
_93194
650 4 _aLeyendas
_919936
650 4 _aLiteratura española
_ySIGLO XVII
_915578
700 1 _aEntrambasaguas, Joaquín de,
_ced.
_939749
830 0 _aClásicos castellanos ;
_v120, 121.
_94180
910 _aWM
049 _aBNGR
999 _c17874
_d17874